Normal view MARC view
  • Imran Said

Entry Personal Name

Number of records used in: 1

001 - CONTROL NUMBER

  • control field: 55361

003 - CONTROL NUMBER IDENTIFIER

  • control field: NUST

005 - DATE AND TIME OF LATEST TRANSACTION

  • control field: 20210616113014.0

008 - FIXED-LENGTH DATA ELEMENTS

  • fixed length control field: 210616|| aca||aabn | a|a d

040 ## - CATALOGING SOURCE

  • Original cataloging agency: NUST
  • Transcribing agency: NUST

100 ## - HEADING--PERSONAL NAME

  • Personal name: Imran Said

670 ## - SOURCE DATA FOUND

  • Source citation: Work cat.: (NUST): Farman Ullah Khan : Muhammad Sufyan Tariq : Syed Muhammad Muslim Haider. 55360, The Determinants of High Performing Firms in Pakistan /, 2021.
© 2023 Central Library, National University of Sciences and Technology. All Rights Reserved.